Vận dụng lý luận kinh tế hàng hóa vào việc giáo dục nhận thức và ý chí tự lực tự cường cho học sinh THPT hiện nay

Lý luận chung về kinh tế hàng hóa. Thực trạng phát triển kinh tế hàng hóa ở nước ta hiện nay. Giáo dục nhận thức về kinh tế hàng hóa và ý chí tự lực tự cường cho học sinh THPT hiện nay

Tallennettuna:
Bibliografiset tiedot
Päätekijä: Lê, Thị Thùy Diễm
Muut tekijät: Nguyễn, hồng Cư TS (Hướng dẫn)
Aineistotyyppi: Kirja
Kieli:Vietnamese
Julkaistu: Đại học Đà Nẵng Trường đại học Sư Phạm 2011
Sarja:Luận văn tốt nghiệp đại học. Chuyên ngành : Giáo dục chính trị
Aiheet:
Tagit: Lisää tagi
Ei tageja, Lisää ensimmäinen tagi!
Thư viện lưu trữ: Mạng thư viện Đại học Đà Nẵng
LEADER 01397nam a2200325 4500
001 000011758
003 8029
005 20120209150237.0
008 120209s2011 viesd
041 |a vie 
072 |a Khóa luận tốt nghiệp 
082 |a 335.421  |b LE-D 
100 |a Lê, Thị Thùy Diễm 
245 |a Vận dụng lý luận kinh tế hàng hóa vào việc giáo dục nhận thức và ý chí tự lực tự cường cho học sinh THPT hiện nay  |c Lê, Thị Thùy Diễm 
260 |a Đại học Đà Nẵng  |b Trường đại học Sư Phạm  |c 2011 
300 |a 65 tr.  |c 29 cm 
490 |a Luận văn tốt nghiệp đại học. Chuyên ngành : Giáo dục chính trị 
500 |a Tham khảo tr.64 - 65 
520 |a Lý luận chung về kinh tế hàng hóa. Thực trạng phát triển kinh tế hàng hóa ở nước ta hiện nay. Giáo dục nhận thức về kinh tế hàng hóa và ý chí tự lực tự cường cho học sinh THPT hiện nay 
653 |a Luận văn tốt nghiệp đại học 
653 |a Khoa Giáo dục chính trị 
700 |a Nguyễn, hồng Cư  |c TS  |e Hướng dẫn 
OWN |a LSP 
999 |a From the UDN01 
TYP |a Monograph 
TYP |a Printed language 
980 |a Mạng thư viện Đại học Đà Nẵng